000 01217nam a2200325Ia 4500
001 dia_4921
003 CHAP
005 20251027144732.0
008 220117s2002 xx 000 0 und d
010 _a175720
020 _a968-7144-29-7
040 _cCHAP
082 _a658.151 V35 2002
110 _aInstituto Mexicano de Ejecutivos de Finanzas
_9157049
245 _aValuación de empresas y creación de valor : nuevas formas de reportar sobre la creación de valor en las empresas /
_c Instituto Mexicano de Ejecutivos de Finanzas
260 _aMéxico :
_b Instituto Mexicano de Ejecutivos de Finanzas :,
_b UNAM :,
_b PriceWaterhouseCoopers,
_c2002
300 _axxv, 270 p.
440 _aTemas selectos de administración financiera
_9157050
503 _aI. 241914
504 _aBibliografía: p. 269-270
590 _aHG4028.V3 V35 2002
650 _aEmpresas
_xFinanzas
_9157051
650 _aEmpresas
_xInversiones
_9157052
650 _aEmpresas
_xValoración
_9157053
710 _aInstituto Mexicano de Ejecutivos de Finanzas
_9157049
901 _a658.151 V35 2002
902 _aM
905 _a5232272002 mx aimn8222223322spa16
942 _cLIBRO
_2ddc
999 _c175720
_d175720